skbl

Dr Suryya Kumar Bhuyan Library Web-OPAC
ডঃ সূৰ্য্য
কুমাৰ ভূঞা পুথিভঁৰাল ৱেব-অ'পেক

All Research Scholars are advised to clear the annual library fees to continue using Library Resources, Remote Access, Plagiarism Test and Library Clearance.

Cotton University Book Fair 2026

Raithai Bidang / (Record no. 197)

MARC details
000 -LEADER
fixed length control field 00969nam a2200373Ia 4500
001 - CONTROL NUMBER
control field 197
005 - DATE AND TIME OF LATEST TRANSACTION
control field 20240113233402.0
007 - PHYSICAL DESCRIPTION FIXED FIELD--GENERAL INFORMATION
fixed length control field ta
008 - FIXED-LENGTH DATA ELEMENTS--GENERAL INFORMATION
fixed length control field 050106s2000 g b000 u bod u
040 ## - CATALOGING SOURCE
Original cataloging agency Cotton College,Assam
041 ## - LANGUAGE CODE
Language code of text/sound track or separate title bod
082 ## - DEWEY DECIMAL CLASSIFICATION NUMBER
Classification number 891.494 B
Item number Ac 23 Ra
100 ## - MAIN ENTRY--PERSONAL NAME
Personal name Academic sub- committee , .
245 #0 - TITLE STATEMENT
Title Raithai Bidang /
Statement of responsibility, etc. Academic sub- committee ed..
Medium Textual Documents
250 ## - EDITION STATEMENT
Edition statement 1st ed /
260 ## - PUBLICATION, DISTRIBUTION, ETC.
Place of publication, distribution, etc. Bijini(Assam) :
Name of publisher, distributor, etc. Sijou Publication Board ,
Date of publication, distribution, etc. 2000.
300 ## - PHYSICAL DESCRIPTION
Extent 170p. ;
Dimensions 22cm..
500 ## - GENERAL NOTE
General note Thish book is written in Bodo language on Bodo Poems
653 ## - INDEX TERM--UNCONTROLLED
Uncontrolled term Bodo Prose
653 ## - INDEX TERM--UNCONTROLLED
Uncontrolled term General (Bodo)
942 ## - ADDED ENTRY ELEMENTS (KOHA)
Source of classification or shelving scheme Dewey Decimal Classification
Koha item type Books
Holdings
Withdrawn status Lost status Damaged status Not for loan Collection Home library Current library Date acquired Coded location qualifier Total checkouts Full call number Barcode Date last seen Copy number Price effective from Koha item type
          Dr. Suryya Kumar Bhuyan Library Dr. Suryya Kumar Bhuyan Library 01/02/2012 00000   891.494 B Ac 23 Ra 701/Bodo 13/01/2024 7 01/02/2012 Books
          Dr. Suryya Kumar Bhuyan Library Dr. Suryya Kumar Bhuyan Library 01/02/2012 00000   891.494 B Ac 23 Ra 320/Bodo 13/01/2024 8 01/02/2012 Books
          Dr. Suryya Kumar Bhuyan Library Dr. Suryya Kumar Bhuyan Library 01/02/2012 00000   891.494 B Ac 23 Ra 321/Bodo 13/01/2024 9 01/02/2012 Books
          Dr. Suryya Kumar Bhuyan Library Dr. Suryya Kumar Bhuyan Library 01/02/2012 00000   891.494 B Ac 23 Ra 323/Bodo 13/01/2024 11 01/02/2012 Books
          Dr. Suryya Kumar Bhuyan Library Dr. Suryya Kumar Bhuyan Library 01/02/2012 00000   891.494 B Ac 23 Ra 324/Bodo 13/01/2024 1 01/02/2012 Books
          Dr. Suryya Kumar Bhuyan Library Dr. Suryya Kumar Bhuyan Library 01/02/2012 00000   891.494 B Ac 23 Ra 694/Bodo 13/01/2024 2 01/02/2012 Books
          Dr. Suryya Kumar Bhuyan Library Dr. Suryya Kumar Bhuyan Library 01/02/2012 00000   891.494 B Ac 23 Ra 695/Bodo 13/01/2024 10 01/02/2012 Books
          Dr. Suryya Kumar Bhuyan Library Dr. Suryya Kumar Bhuyan Library 01/02/2012 00000   891.494 B Ac 23 Ra 696/Bodo 13/01/2024 3 01/02/2012 Books
          Dr. Suryya Kumar Bhuyan Library Dr. Suryya Kumar Bhuyan Library 01/02/2012 00000   891.494 B Ac 23 Ra 698/Bodo 13/01/2024 5 01/02/2012 Books
          Dr. Suryya Kumar Bhuyan Library Dr. Suryya Kumar Bhuyan Library 01/02/2012 00000   891.494 B Ac 23 Ra 699/Bodo 13/01/2024 4 01/02/2012 Books
          Dr. Suryya Kumar Bhuyan Library Dr. Suryya Kumar Bhuyan Library 01/02/2012 00000   891.494 B Ac 23 Ra 700/Bodo 13/01/2024 6 01/02/2012 Books

Designed and Maintained by Team SKBL
©1901-2026

Powered by Koha